Improving People`s Lives (Record no. 14332)

MARC details
000 -LEADER
fixed length control field 00632nam a2200253 a 4500
020 ## - INTERNATIONAL STANDARD BOOK NUMBER
ISBN 8178292289
082 00 - DEWEY DECIMAL CLASSIFICATION NUMBER
Classification number 302.2
Author Cutter SHA
100 ## - MAIN ENTRY--AUTHOR NAME
Author name Sharma, Mukul
245 ## - TITLE STATEMENT
Title Improving People`s Lives
Sub title Lessons in Empowerment from Asia
260 ## - PUBLICATION, DISTRIBUTION, ETC. (IMPRINT)
Place of publication Delhi
Name of publisher Sage Pub
Year of publication 2003
300 ## - PHYSICAL DESCRIPTION
Number of Pages 208
500 ## - GENERAL NOTE
General note includes index and biblioraphy
505 2# - FORMATTED CONTENTS NOTE
Formatted contents note Index
650 ## - SUBJECT ADDED ENTRY--TOPICAL TERM
Topical Term NGOS
650 ## - SUBJECT ADDED ENTRY--TOPICAL TERM
Topical Term Community-Development
942 ## - ADDED ENTRY ELEMENTS (KOHA)
Koha item type Books
700 1# -
-- Sharma, Mukul
Holdings
Collection code Home library Current library Date acquired Cost, normal purchase price Full call number Accession Number Koha item type
  Henry Martyn Institute Library Henry Martyn Institute Library 04/30/2007 320.00 302.2 SHA 021551 Books
                   Copyright © 2026 | Henry Martyn Institute | Hyderabad | TS-500052 | INDIA | Implemented by hmi.edu.in
Hit-Count:

Powered by Koha